Ciencias naturales 6 bonaerense /
Guardado en:
| Autor Principal: | |
|---|---|
| Otros Autores: | , , , , , |
| Formato: | Libro |
| Publicado: |
Buenos Aires :
Santillana,
2011
|
| Series: | Recorridos Santillana
|
| Materias: | |
| Etiquetas: |
Agregar Etiqueta
Sin Etiquetas, Sea el primero en etiquetar este registro!
|
| LEADER | 01511nam a22003015a 4500 | ||
|---|---|---|---|
| 001 | CEM.cems014975 | ||
| 005 | 20181023165348.0 | ||
| 008 | 130507s2011##################000#0#####d | ||
| 003 | CEMS | ||
| 020 | |a 9789504623755 | ||
| 082 | 0 | 4 | |a SG570 |
| 100 | 1 | |a Bardei, María Gabriela | |
| 245 | 1 | 0 | |a Ciencias naturales 6 bonaerense / |c María Gabriela Barderi |
| 260 | |a Buenos Aires : |b Santillana, |c 2011 | ||
| 300 | |a 176 p. | ||
| 490 | 0 | |a Recorridos Santillana | |
| 500 | |a Manual de Primaria. Biblioteca Saggio | ||
| 505 | 0 | |a Las mezclas -- Las soluciones acuosas -- Las transformaciones de los materiales -- Los ambientes que habitan los seres vivos -- Las relaciones de los seres vivos -- Los cambios en los ambientes naturales -- La digestión y la respiración en el ser humano -- La circulación y la excreción en el ser humano -- La reproducción en los seres vivos -- La reproducción y el desarrollo en el ser humano -- La luz y los objetos -- La reflexión de la luz -- La refracción de la luz -- La estructura de la Tierra -- Los cambios en la Tierra a lo largo del tiempo -- La historia de la vida en la Tierra -- La exploración del Universo | |
| 653 | |a Manual de primaria | ||
| 653 | |a Libro de texto | ||
| 653 | |a Ciencias naturales | ||
| 700 | 1 | |a Deprati, Ana | |
| 700 | 1 | |a Franco, Ricardo | |
| 700 | 1 | |a Iglesias, Carolina | |
| 700 | 1 | |a Kaczor, Pablo | |
| 700 | 1 | |a Rodriguez Vida, María | |
| 700 | 1 | |a Sargorodschi, Ana | |
| 859 | |a CEMS |b BIB. CEMS - 11 de abril |h SG570 |i B235 |p 27666.18 |t Ej.1 |v 6 |3 6 | ||
